| 000 | 00497nam a2200181Ia 4500 | ||
|---|---|---|---|
| 008 | 220531s9999 xx 000 0 und d | ||
| 041 | _amar | ||
| 100 |
_aमहाजन मु. _962946 |
||
| 245 | _aव्यापारी अर्थशास्त्र | ||
| 250 | _a1ST | ||
| 260 |
_aPune _bNirali _c2014 |
||
| 300 | _a8.32 | ||
| 542 | _d27-06-2014 | ||
| 551 |
_aEconomics _bGrantebal-E |
||
| 650 |
_aEconomics _962947 |
||
| 906 |
_d2014-2015 _f408 |
||
| 999 |
_c35787 _d35787 |
||